Jak na to rukověť praktické ženy : zařizování, renovace, opravy

Bibliographic Details
Main Authors: Hackstein, Yara (Author), Pehle, Tobias (Author)
Other Authors: Seidenberger, Kateřina (Translator)
Format: Book
Language:Czech
German
PhysicalDescription:261 s. fotogr., ilustr. 25 cm
Published: Čestlice Rebo 2005
ISBN:8072344243
Edition:1. vyd.
Subjects:

MARC

LEADER 00000cam a2200000 a 4500
001 vtls008183861
003 SK-MaSNL
005 20260302003408.0
008 240318s2005 xr o f f 001 0 cze
020 |a 8072344243  |q (viaz.) 
040 |a SNK  |b slo  |c SNK  |e AACR2 
041 1 |a cze  |h ger 
044 |a xr  |c CZ 
072 7 |a 643  |x Byt. Miestnosti.Vybavenie bytu  |2 konspekt 
080 |a 643:72.012.8  |2 2001 
080 |a 658.58  |2 2001 
080 |a 69.059.3  |2 2001 
080 |a 689  |2 2001 
080 |a (035)  |2 2001 
100 1 |a Hackstein, Yara  |4 aut  |9 642042 
240 1 0 |a Do it yourself für Frauen  |l Česky 
245 1 0 |a Jak na to  |b rukověť praktické ženy : zařizování, renovace, opravy  |c Yara Hackstein a Tobias Pehle ; [z německého originálu přeložila Kateřina Seidenberger] 
250 |a 1. vyd. 
260 |a Čestlice  |b Rebo  |c 2005 
300 |a 261 s.  |b fotogr., ilustr.  |c 25 cm 
650 0 7 |a bytové interiéry  |2 SNKPH  |9 2954 
650 0 7 |a opravy a údržba  |2 SNKPH  |9 67615 
650 0 7 |a stavebné úpravy  |2 SNKPH  |9 69559 
650 0 7 |a domáci majstri  |2 SNKPH  |9 66335 
650 0 7 |a Residential interiors  |2 SNKPHeng  |9 274307 
650 0 7 |a Maintenance and repair  |2 SNKPHeng  |9 286963 
650 0 7 |a Building improvement  |2 SNKPHeng  |9 337657 
650 0 7 |a Handymen  |2 SNKPHeng  |9 288989 
655 7 |a príručky  |2 SNKPH  |9 74364 
655 7 |a Handbooks, manuals, etc.  |2 SNKPHeng  |9 90964 
700 1 |a Pehle, Tobias  |4 aut  |9 642043 
700 1 |a Seidenberger, Kateřina  |4 trl  |9 642044 
919 |a 80-7234-424-3 
958 |a OP 
958 |a CZ 
999 |c 991828  |d 993758 
952 |t snkRUK 645  |a SNKUST  |b SNKUST  |y PREZ  |7 0  |p 17A0509767  |o snkIC 135525  |i snk2007/21152  |8 3  |g 24.86  |0 0  |1 0  |4 0  |d 2007-10-12  |l 0  |r 2025-03-21 00:00:00  |w 2026-02-24